[Event "CHN-ch U20"]
[Site "Shanghai"]
[Date "2024.02.20"]
[Round "9"]
[White "Gu, Jiazhen"]
[Black "Zhou, Runyi"]
[Result "1-0"]
[WhiteElo "2105"]
[BlackElo "1882"]
[PlyCount "107"]
[EventDate "2024.02.16"]
[EventType "swiss"]
[EventRounds "11"]
[EventCountry "CHN"]
[SourceTitle "CB09_2024"]
[SourceDate "2024.02.28"]
[SourceVersion "1"]
[SourceVersionDate "2024.02.28"]
[SourceQuality "1"]

1. d4 Nf6 2. c4 e6 3. Nf3 d5 4. Nc3 Be7 5. Bf4 0-0 6. e3 b6 7. Bd3 c5 8. cxd5 exd5 9. Ne5 Bb7 10. 0-0 Nc6 11. Qf3 Nxe5 12. Bxe5 g6 13. Rfd1 Rc8 14. dxc5 bxc5 15. Bc4 Qb6 16. Nxd5 Nxd5 17. Bxd5 Bxd5 18. Rxd5 Rfd8 19. Rad1 Rxd5 20. Rxd5 Rd8 21. Bc3 Rxd5 22. Qxd5 Bf6 23. Bxf6 Qxf6 24. Qd2 h5 25. g3 Qf3 26. h4 Qe4 27. a3 Kh7 28. Qc3 Qf5 29. Qc4 Kg8 30. Kg2 Qe5 31. b3 a5 32. a4 Kg7 33. e4 Kg8 34. Kf3 Qf6+ 35. Ke3 Qb2 36. Qd5 Qc3+ 37. Ke2 Qc2+ 38. Kf3 Qc3+ 39. Kg2 Kg7 40. e5 Kg8 41. e6 fxe6 42. Qxe6+ Kg7 43. Qe7+ Kg8 44. Qb7 Qd4 45. Qa8+ Kg7 46. Qxa5 Qd5+ 47. Kh2 Qxb3 48. Qc7+ Kf6 49. a5 c4 50. Qc6+ Kg7 51. a6 Qa2 52. Kg2 Kh6 53. Qb7 c3 54. a7 1-0

[Event "CHN-ch U20"]
[Site "Shanghai"]
[Date "2024.02.19"]
[Round "8"]
[White "Zhou, Runyi"]
[Black "Chen, Hongsen"]
[Result "1-0"]
[WhiteElo "1882"]
[BlackElo "2269"]
[PlyCount "89"]
[EventDate "2024.02.16"]
[EventType "swiss"]
[EventRounds "11"]
[EventCountry "CHN"]
[SourceTitle "CB09_2024"]
[SourceDate "2024.02.28"]
[SourceVersion "1"]
[SourceVersionDate "2024.02.28"]
[SourceQuality "1"]

1. d4 d5 2. Nf3 Nf6 3. e3 g6 4. b3 Bg7 5. Bb2 0-0 6. Bd3 c5 7. Nbd2 cxd4 8. exd4 Nc6 9. a3 Nh5 10. g3 Qb6 11. c3 Bg4 12. Be2 Nf6 13. 0-0 Rad8 14. Re1 Ne4 15. Nxe4 dxe4 16. Ng5 Bxe2 17. Rxe2 e5 18. d5 Na5 19. Nxe4 Qxb3 20. Qxb3 Nxb3 21. Rd1 b5 22. a4 Rd7 23. axb5 Rc8 24. Ba3 f5 25. Rb2 Na5 26. Nc5 Rdd8 27. Bb4 Nc4 28. Ra2 Ra8 29. d6 Bf8 30. d7 Nb6 31. Ne6 Rxd7 32. Rxd7 Nxd7 33. Nxf8 Nxf8 34. b6 Rb8 35. bxa7 Ra8 36. c4 Ne6 37. Bd6 e4 38. Bb8 Kf7 39. Rb2 Nd8 40. Rb6 Ke7 41. c5 Kd7 42. Rd6+ Ke7 43. c6 Rxa7 44. c7 Nf7 45. c8N+ 1-0

[Event "Hohhot National op"]
[Site "Hohhot"]
[Date "2023.12.24"]
[Round "9"]
[White "Zhou, Runyi"]
[Black "Gong, Sunle"]
[Result "1/2-1/2"]
[WhiteElo "1853"]
[BlackElo "2175"]
[PlyCount "89"]
[EventDate "2023.12.20"]
[EventType "swiss"]
[EventRounds "9"]
[EventCountry "CHN"]
[SourceTitle "CB52_2023"]
[SourceDate "2023.12.27"]
[SourceVersion "1"]
[SourceVersionDate "2023.12.27"]
[SourceQuality "1"]

1. d4 d5 2. Bg5 Nf6 3. Nc3 c6 4. Bxf6 gxf6 5. e3 e5 6. Qh5 Bd6 7. Nf3 Qe7 8. 0-0-0 e4 9. Nh4 Qe6 10. h3 f5 11. g4 f4 12. Nf5 Qf6 13. f3 Bxf5 14. gxf5 Bb4 15. fxe4 Bxc3 16. bxc3 dxe4 17. exf4 Nd7 18. Bc4 Qe7 19. Kb2 Nf6 20. Qh4 0-0-0 21. Bb3 a5 22. Rhe1 Rd6 23. c4 Rhd8 24. Qf2 b6 25. Ba4 Qb7 26. Ka1 Qa6 27. c3 Qxc4 28. Qc2 Qd5 29. c4 Qxf5 30. d5 cxd5 31. c5 R6d7 32. Bxd7+ Qxd7 33. Qb2 Qe6 34. Rb1 d4 35. c6 Nd5 36. Qb5 d3 37. Qa6+ Kc7 38. Qb7+ Kd6 39. c7 Rc8 40. Rxe4 Qxe4 41. Qxc8 Qd4+ 42. Rb2 Qg1+ 43. Rb1 Qg7+ 44. Rb2 Qg1+ 45. Rb1 1/2-1/2

[Event "Hohhot National op"]
[Site "Hohhot"]
[Date "2023.12.21"]
[Round "4"]
[White "Fan, Jinxuan"]
[Black "Zhou, Runyi"]
[Result "0-1"]
[WhiteElo "1434"]
[BlackElo "1853"]
[PlyCount "106"]
[EventDate "2023.12.20"]
[EventType "swiss"]
[EventRounds "9"]
[EventCountry "CHN"]
[SourceTitle "CB52_2023"]
[SourceDate "2023.12.27"]
[SourceVersion "1"]
[SourceVersionDate "2023.12.27"]
[SourceQuality "1"]

1. e4 e5 2. Nf3 Nc6 3. Bc4 Bc5 4. c3 Nf6 5. d3 d6 6. 0-0 0-0 7. Bb3 Bb6 8. h3 Ne7 9. Be3 Ng6 10. Nbd2 d5 11. exd5 Nxd5 12. d4 exd4 13. Bxd4 Bxd4 14. Nxd4 Ndf4 15. N4f3 Bf5 16. Bc2 Qf6 17. Qb1 Bd7 18. Be4 c6 19. Qc2 Nxh3+ 20. gxh3 Bxh3 21. Bxg6 fxg6 22. Rfe1 Rad8 23. Re3 Rd5 24. Ne4 Qf4 25. Ng3 Bg4 26. Nh2 Bd1 27. Rxd1 Rxd1+ 28. Nhf1 Rd7 29. Qe2 Rdf7 30. f3 Qg5 31. Kf2 h5 32. Ke1 Qd5 33. Ne4 Qxa2 34. Ng5 Rf5 35. Ne6 R8f7 36. Nd4 R5f6 37. Re8+ Rf8 38. Re5 b6 39. Ne6 Qb1+ 40. Kd2 Qxb2+ 41. Kd1 Qxe2+ 42. Rxe2 Re8 43. Nd4 Rxe2 44. Kxe2 a5 45. Nd2 g5 46. Ne4 Rg6 47. Nf5 Kf7 48. Kd3 Ke6 49. Nd4+ Ke5 50. Ke3 c5 51. Nc2 Kd5 52. Na3 g4 53. f4 g3 0-1

[Event "Hohhot National op"]
[Site "Hohhot"]
[Date "2023.12.21"]
[Round "3"]
[White "Zhou, Runyi"]
[Black "Wang, Shunshun"]
[Result "1/2-1/2"]
[WhiteElo "1853"]
[BlackElo "1470"]
[PlyCount "106"]
[EventDate "2023.12.20"]
[EventType "swiss"]
[EventRounds "9"]
[EventCountry "CHN"]
[SourceTitle "CB52_2023"]
[SourceDate "2023.12.27"]
[SourceVersion "1"]
[SourceVersionDate "2023.12.27"]
[SourceQuality "1"]

1. d4 d5 2. Bg5 c6 3. Nc3 Bf5 4. e3 Nd7 5. Bd3 Bxd3 6. cxd3 h6 7. Bf4 Qb6 8. Qc2 Ngf6 9. Nf3 Nh5 10. Bg3 Nxg3 11. hxg3 e6 12. g4 g6 13. g5 Bg7 14. gxh6 Rxh6 15. 0-0-0 0-0-0 16. Rxh6 Bxh6 17. Rh1 Rh8 18. Kb1 Bg7 19. Rxh8+ Bxh8 20. Ng5 Qd8 21. Nxf7 Qf8 22. Nxh8 Qxh8 23. Qd1 Qf6 24. Qf3 Qxf3 25. gxf3 e5 26. Ne2 exd4 27. Nxd4 Ne5 28. Kc2 Kd7 29. Kd2 g5 30. Ke2 c5 31. Nb3 b6 32. d4 Nc4 33. dxc5 Nxb2 34. cxb6 axb6 35. Kd2 Ke6 36. Kc2 Nc4 37. Kc3 Ne5 38. Nd4+ Kd6 39. a4 Kd7 40. f4 gxf4 41. exf4 Nc4 42. Kb4 Nd6 43. f3 Ke7 44. Kc3 Nb7 45. Nb3 Ke6 46. Nd4+ Ke7 47. f5 Kf6 48. f4 Kf7 49. Nc2 Kf6 50. Ne3 Nc5 51. Nxd5+ Kxf5 52. Nxb6 Nxa4+ 53. Nxa4 Kxf4 1/2-1/2

[Event "CHN-ch U16"]
[Site "Shenzhen"]
[Date "2023.07.31"]
[Round "7"]
[White "Shi, Jiashuo"]
[Black "Zhou, Runyi"]
[Result "1/2-1/2"]
[WhiteElo "1741"]
[BlackElo "1843"]
[PlyCount "75"]
[EventDate "2023.07.28"]
[EventType "swiss"]
[EventRounds "11"]
[EventCountry "CHN"]
[SourceTitle "CBM 215 Extra"]
[Source "ChessBase"]
[SourceDate "2023.09.30"]
[SourceVersion "1"]
[SourceVersionDate "2023.09.30"]
[SourceQuality "1"]

1. d4 d5 2. Nf3 Nf6 3. c4 e6 4. g3 c5 5. cxd5 exd5 6. Bg2 Nc6 7. Nc3 Be6 8. 0-0 Be7 9. dxc5 Bxc5 10. Bg5 0-0 11. Bxf6 Qxf6 12. Nxd5 Qxb2 13. Nf4 Rad8 14. Qc1 Qxc1 15. Raxc1 Bb6 16. Nxe6 fxe6 17. Rfd1 Rxd1+ 18. Rxd1 Rd8 19. Rxd8+ Bxd8 20. Nd2 Nb4 21. a4 Nd5 22. Nc4 Nc3 23. Bxb7 Nxa4 24. Kf1 Nc5 25. Bc6 Bc7 26. e4 Nb3 27. f4 Na5 28. Nxa5 Bxa5 29. e5 Kf7 30. Ba4 h6 31. Ke2 g5 32. Bb3 gxf4 33. gxf4 Ke7 34. Kf3 Bd2 35. Ke4 Bc1 36. h3 Bd2 37. Kf3 Bc1 38. Ke4 1/2-1/2

[Event "CHN-ch U16"]
[Site "Shenzhen"]
[Date "2023.07.30"]
[Round "5"]
[White "Li, Shanglin"]
[Black "Zhou, Runyi"]
[Result "1-0"]
[WhiteElo "2142"]
[BlackElo "1843"]
[PlyCount "77"]
[EventDate "2023.07.28"]
[EventType "swiss"]
[EventRounds "11"]
[EventCountry "CHN"]
[SourceTitle "CBM 215 Extra"]
[Source "ChessBase"]
[SourceDate "2023.09.30"]
[SourceVersion "1"]
[SourceVersionDate "2023.09.30"]
[SourceQuality "1"]

1. d4 Nf6 2. c4 e6 3. Nc3 d5 4. Nf3 Be7 5. Bf4 0-0 6. e3 Nh5 7. Be5 f6 8. Bg3 Nxg3 9. hxg3 f5 10. Qc2 Bb4 11. a3 Bxc3+ 12. Qxc3 Nd7 13. Bd3 Nf6 14. Qc2 Ng4 15. Ne5 Nxe5 16. dxe5 c6 17. 0-0-0 Qe7 18. g4 g6 19. gxf5 exf5 20. f4 h5 21. g4 fxg4 22. Bxg6 h4 23. Qf2 g3 24. Qf3 Kg7 25. Bc2 Qg5 26. cxd5 Qg4 27. Qe4 Bf5 28. Qd4 cxd5 29. e6+ Kg6 30. Qxd5 Rac8 31. e4 Qxf4+ 32. Kb1 Bg4 33. e7 Rh8 34. Rhf1 Bf3 35. e5+ Rxc2 36. Rxf3 Qc4 37. Qd6+ Kh5 38. Rf8 Rxf8 39. exf8Q 1-0

[Event "CHN-ch U16"]
[Site "Shenzhen"]
[Date "2023.07.30"]
[Round "6"]
[White "Zhou, Runyi"]
[Black "Yu, Lijie Kevin"]
[Result "1/2-1/2"]
[WhiteElo "1843"]
[BlackElo "1426"]
[PlyCount "41"]
[EventDate "2023.07.28"]
[EventType "swiss"]
[EventRounds "11"]
[EventCountry "CHN"]
[SourceTitle "CBM 215 Extra"]
[Source "ChessBase"]
[SourceDate "2023.09.30"]
[SourceVersion "1"]
[SourceVersionDate "2023.09.30"]
[SourceQuality "1"]

1. d4 e6 2. e4 d5 3. exd5 exd5 4. Bd3 Bd6 5. h3 Nf6 6. Qf3 0-0 7. Ne2 c5 8. dxc5 Bxc5 9. 0-0 Nc6 10. Bf4 Re8 11. Nd2 Ne5 12. Bxe5 Rxe5 13. Nb3 Bb6 14. Rad1 Qe7 15. Nf4 Bd7 16. c4 Bc6 17. cxd5 Nxd5 18. Nxd5 Bxd5 19. Bxh7+ Kxh7 20. Rxd5 Rxd5 21. Qxd5 1/2-1/2

[Event "CHN-ch U16"]
[Site "Shenzhen"]
[Date "2023.07.29"]
[Round "4"]
[White "Cao, Qingfeng"]
[Black "Zhou, Runyi"]
[Result "1/2-1/2"]
[WhiteElo "1703"]
[BlackElo "1843"]
[PlyCount "46"]
[EventDate "2023.07.28"]
[EventType "swiss"]
[EventRounds "11"]
[EventCountry "CHN"]
[SourceTitle "CBM 215 Extra"]
[Source "ChessBase"]
[SourceDate "2023.09.30"]
[SourceVersion "1"]
[SourceVersionDate "2023.09.30"]
[SourceQuality "1"]

1. d4 Nf6 2. c4 e6 3. Nf3 d5 4. g3 c5 5. Bg2 Nc6 6. 0-0 Be7 7. Nc3 0-0 8. cxd5 exd5 9. dxc5 Bxc5 10. Bg5 d4 11. Bxf6 Qxf6 12. Ne4 Qe7 13. Nxc5 Qxc5 14. Qd2 Bg4 15. Rac1 Qb6 16. Rfd1 Rad8 17. b3 Rfe8 18. Qb2 Bxf3 19. Bxf3 Ne5 20. Be4 Ng4 21. Bf3 Ne5 22. Be4 Ng4 23. Bf3 Ne5 1/2-1/2

[Event "CHN-ch U16"]
[Site "Shenzhen"]
[Date "2023.07.29"]
[Round "3"]
[White "Zhou, Runyi"]
[Black "Li, Hongjin"]
[Result "1-0"]
[WhiteElo "1843"]
[BlackElo "1645"]
[PlyCount "97"]
[EventDate "2023.07.28"]
[EventType "swiss"]
[EventRounds "11"]
[EventCountry "CHN"]
[SourceTitle "CBM 215 Extra"]
[Source "ChessBase"]
[SourceDate "2023.09.30"]
[SourceVersion "1"]
[SourceVersionDate "2023.09.30"]
[SourceQuality "1"]

1. d4 d5 2. Bg5 Nf6 3. Bxf6 exf6 4. e3 Bd6 5. c4 dxc4 6. Bxc4 0-0 7. Nf3 c6 8. 0-0 Nd7 9. Nc3 Re8 10. Rc1 Nf8 11. Re1 Be6 12. Nd2 Bxc4 13. Nxc4 Qe7 14. Qb3 Bb4 15. a3 Bxc3 16. bxc3 b5 17. Nd2 a5 18. c4 b4 19. c5 Reb8 20. a4 Ne6 21. Nc4 Nc7 22. Nb6 Ra7 23. e4 Na8 24. Nc4 Nc7 25. Nd6 Ne6 26. Red1 h6 27. Rd3 Nf4 28. Re3 Qe6 29. Qd1 Rd7 30. g3 Nh3+ 31. Kg2 Ng5 32. h4 Nh7 33. d5 Qe7 34. Nf5 Qf8 35. d6 g6 36. Nd4 Qc8 37. Qb3 Nf8 38. Rce1 Rd8 39. e5 Nd7 40. e6 Nxc5 41. exf7+ Kh7 42. Re7 Rf8 43. Qc4 Nd7 44. Qxc6 Ne5 45. Qxc8 Rbxc8 46. Ne6 Rxf7 47. Rxe5 Rxe7 48. dxe7 fxe5 49. Nd8 1-0

[Event "Belt and Road Hunan op-C"]
[Site "Changsha"]
[Date "2019.08.01"]
[Round "6"]
[White "Weng, Xuanyu"]
[Black "Zhou, Runyi"]
[Result "0-1"]
[WhiteElo "1657"]
[BlackElo "1802"]
[PlyCount "74"]
[EventDate "2019.07.29"]
[EventType "swiss"]
[EventRounds "9"]
[EventCountry "CHN"]
[SourceTitle "EXT 2020"]
[Source "ChessBase"]
[SourceDate "2019.10.17"]
[SourceVersion "1"]
[SourceVersionDate "2019.10.17"]
[SourceQuality "1"]

1. d4 Nf6 2. c4 e6 3. Nf3 d5 4. Nc3 c6 5. e3 Nbd7 6. Bd3 Be7 7. 0-0 0-0 8. b3 b6 9. Bb2 Bb7 10. Qe2 dxc4 11. Bxc4 b5 12. Bd3 a6 13. Rfd1 Nd5 14. Rac1 N7f6 15. Ne4 Nxe4 16. Bxe4 f5 17. Bb1 Bd6 18. h3 Qe8 19. Ne5 Bxe5 20. dxe5 c5 21. Rxc5 Qe7 22. Bd4 Qg5 23. f4 Qh4 24. Qf2 Qh5 25. Rdc1 Rad8 26. Bd3 Qg6 27. Bf1 Rd7 28. a3 Rfd8 29. R5c2 Qh6 30. g3 g5 31. Bc5 Kh8 32. Kh2 Rg7 33. Bg2 Rdg8 34. Bxd5 Bxd5 35. Bd6 Rg6 36. Be7 Qxh3+ 37. Kxh3 Rh6# 0-1